000 00584nam a22002057a 4500
003 BUBTL
008 160407b xxu||||| |||| 00| 0 eng d
020 _a978-0-19-806530-2
082 _a005.133 / Sa194o
100 _9536
_aSahay,Sourav
245 _a Object Oriented Programming With C ++ /
_cSourav Sahay
250 _a2nd ed.
260 _aNew Delhi :
_bOxford University Press,
_cc2012.
300 _axvi,464 p. :
_c24 cm.
650 0 _9457
_aComputer Science
760 _b2nd
856 _k0
_l0
_yDownload
942 _2ddc
_cBK
999 _c5210
_d5210